000 00872nam a2200301Ia 4500
001 3412
003 IT-RoPAU
008 130308s9999 xx 000 0 und d
040 _aIT-RoPAU
040 _cIT-RoPAU
041 _aITALIANO
100 _aBerti Enrico
100 _gCodice Aut. SPICS: 9249
245 _aContraddizione dopo Marx (La)
245 _bContraddizione (La)
250 _a1a ed.
260 _aROMA
260 _bCitta' Nuova
260 _c1977 [1° Ed.:1977 - Ed.Ling.Originale:1977]
300 _a"29 p. (prefazione: no ; testo: 29 [pagine: 255-283])"
500 _aMaterialismo Dialettico Marxismo Occidentale Marxismo Antihegeliano reazione degli Epistemologi Contraddizione e Confutazione
650 _aLOGICA FILOSOFICA
650 _eCodice materia Spics: 3151
942 _cBK
957 _71
999 _c39035
_d39035
999 _bSI
999 _g1